000 00955cam a22002897a 4500
003 CHAP
005 20220329141653.0
008 971013s r 00010 d
010 _a71942
011 _a72914
035 _a82471
040 _cCHAP
090 _aR-1810
100 0 0 _aDawson, J. G.
_931323
245 1 4 _aThe effect of weeds on the growth of a range of nursery stock species planted as liners and grow for two seasons
500 _aSobretiro de : Proc. Weed Control in Forestry Conference 1980. pp. 13-20
590 _aBATCH-UPD
_b10
_c20130110
_lUCH01
_h0151
590 _aBATCH-UPD
_b10
_c20130110
_lUCH01
_h1701
590 _aBATCH-UPD
_b10
_c20130914
_lUCH01
_h1137
590 _aCONVERSION
_b10
_c20130109
_lUCH01
_h1339
650 1 4 _aÁrboles
_xMalas hierbas.
_96619
650 1 4 _aViveros forestales.
_9120100
700 0 _aBailey, John A.
_99442
901 _aBK
942 _cREIMP
949 _aR-1810
_bBC
_cR
_d-36549
_eTS1
_i82471
_si
999 _c71942
_d71942